000 00364 a2200145 4500
005 20250626144026.0
020 _a7121-0524-7
082 _a330.071 HAN
100 _aHANSON, J. L.
245 _aEconomics for Students.
250 _a5th Ed
260 _aLondon,
_bMacDonald & Evans Ltd,
_c1963.
300 _axiv, 226p.: figure, table
_bIndex
_c19cm
942 _2ddc
_cBKS
999 _c461
_d461